书目信息 |
| 题名: |
路基路面检测技术
|
|
| 作者: | 盛安连 编著 | |
| 分册: | ||
| 出版信息: | 北京 人民交通出版社 1996.12 |
|
| 页数: | 214页 | |
| 开本: | 32cm | |
| 丛书名: | ||
| 单 册: | ||
| 中图分类: | ||
| 科图分类: | ||
| 主题词: | 道路工程 | |
| 电子资源: | ||
| ISBN: | 7-114-02530-0 | |
| 000 | 00570nam0 2200205 45 | |
| 001 | 9911231667 | |
| 005 | 19991123161950.4 | |
| 010 | @a7-114-02530-0@d14.00元 | |
| 100 | @a19991123d1996 km y0chiy0120 ea | |
| 101 | @achi | |
| 105 | @a z 000yy | |
| 200 | 1 | @a路基路面检测技术@ALu Ji Lu Mian Jian Ce Ji Shu@f盛安连编著@FSheng An Lian Bian Zhu |
| 210 | @a北京@c人民交通出版社@d1996.12 | |
| 215 | @a214页@d32cm | |
| 606 | 0 | @a道路工程 |
| 690 | @v3 | |
| 690 | @aU418.4 | |
| 701 | @a盛安连@4编著 | |
| 801 | @aCN@bPFTUser@c19991123 | |
| 905 | @f3@b44622-624@dU418.4@eSH011 | |
| 路基路面检测技术/盛安连编著.-北京:人民交通出版社,1996.12 |
| 214页;32cm |
| ISBN 7-114-02530-0:14.00元 |
| ● |
| 相关链接 |
|
|
|
正题名:路基路面检测技术
索取号:U418.4/SH011
 
预约/预借
| 序号 | 登录号 | 条形码 | 馆藏地/架位号 | 状态 | 备注 |
| 1 | 44622 | 200446222 | 期刊室512/501自科库 53排6列2层/ [索取号:U418.4/SH011] | 在馆 | |
| 2 | 44623 | 200446231 | 期刊室512/501自科库 53排6列2层/ [索取号:U418.4/SH011] | 在馆 | |
| 3 | 44624 | 200446240 | 期刊室512/501自科库 53排6列2层/ [索取号:U418.4/SH011] | 在馆 |